| 000 | 00693nam a2200181 a 4500 | ||
|---|---|---|---|
| 001 | BRCA_2130 | ||
| 005 | 20190320203700.0 | ||
| 008 | 120808s1992----mx-#---###---#000-0#spa-# | ||
| 050 | 4 |
_aF1391.P8 _b.L43 75 _c1992 |
|
| 100 | 1 |
_aAguirre Anaya, María del Carmen _96435 |
|
| 245 | 1 | 0 |
_aAntecedentes de la mecanización del textil en la Ciudad de Puebla _cMaría del Carmen Aguirre Anaya. |
| 260 |
_aPuebla, México _bGobierno del Estado de Puebla : Secretaría de Cultura : Comisión Puebla V Centenario _c1992 |
||
| 300 |
_a16 p. _c21 cm. |
||
| 440 | 0 |
_aLecturas Históricas de Puebla _n75 _96436 |
|
| 504 | _aBibliografía: p. 15-16 | ||
| 651 | 4 |
_aPuebla (México) _xHistoria _9409 |
|
| 942 |
_2lcc _cB |
||
| 999 |
_c1887 _d1887 |
||